00919nam a2200241 a 450000100100000000500170001000800410002704000250006808200170009310000230011024500650013326000420019830000210024049000170026150001720027865000240045065000270047465000230050165000720052470000310059671000330062783000170066000000797020250409122709.0090914s1982 dr r 000 p spa d aDO-SdBNPbspacBNPHU aRD861bV732a1 aVillegas, Víctor10aAntología de poetas Petromacorisanos /cVíctor Villegas. aSan Pedro de Macorís :bUCE,c1982. a335 p. ;c23 cm.1 aLiterariav7 aA la cabeza de la portada: Asociación Pro Recuperación de San Pedro de Macorís, Universidad Central del Este (UCE), Publicaciones del Centenario de la Provincia. 0aPoesía dominicana 0aLiteratura dominicana. 4aPoetas dominicanos 4aPoesía dominicanazRepública Dominicana, San Pedro De Macorís12aVillegas, Víctor,d1924-1 aUniversidad Central del Este 0aLiterarian7